000
00323nam a22001337a 4500
008
171014b xxu||||| |||| 00| 0 eng d
020
_a
9780321560469
041
_a
eng
080
_a
330.101.541
100
_a
52
101
_a
PUN
245
_a
ENVIRONMENTAL & NATURAL RESOURCE ECONOMICS
_c
TIETENBERG, T
942
_2
udc
_c
BK
999
_c
33963
_d
33963